| 000 | 01273cab a22002055a 4500 | ||
|---|---|---|---|
| 001 | E148404 | ||
| 008 | 090914e20090912xxk 000 0 eng u | ||
| 035 | _a(Sirsi) u148404 | ||
| 041 | 0 | _aeng | |
| 110 | 2 |
_aBank of Scotland _95792 |
|
| 245 | 0 | 0 |
_aScottish rural house prices decline by less than in urban areas _h[electronic resource] |
| 260 | _c2009 | ||
| 490 |
_aBank of Scotland Press Release _v12 September 2009 |
||
| 520 | _aThe latest Bank of Scotland Rural Housing Review suggests that house prices in rural areas have fallen by less than in urban areas over the past year. The average house price in rural Scotland dropped by 11% over the last year, compared to an average 13% fall in urban areas. Despite the fact that housing affordability has improved in rural areas, the average rural house price of £166 813 is now 17% higher than that in urban areas, where the average is £143 454, compared to 14% higher a year ago. | ||
| 590 | _aKA | ||
| 651 | 4 |
_aScotland _y1999- |
|
| 690 | _aPROPERTY-RESIDENTIAL PROPERTY-DOMESTIC RESIDENTIAL PROPERTY-HOUSING | ||
| 856 | 4 | 0 |
_uhttps://www.lloydsbankinggroup.com/media1/press_releases/2009_press_releases_brands/bos_september_09.asp _zView the news release free of charge at www.lloydsbankinggroup.com... |
| 942 | _n0 | ||
| 999 |
_c81826 _d81826 |
||